00669nam a2200193Ia 450000500170000000800410001702000290005804000190008704100120010608200170011810000220013524501420015726000550029930000100035450400500036465000310041470000200044585000100046520231107143204.0140110s9999 xx 000 0 und d a9788184571080cRs.695.00 aLoreto College aEnglish a320.954bPAR aPardhasaradhi, Y. aE-governance and Indian societyb An impact study of Andhra Pradesh,Karnataka & Kerala cY.Pardhasaradhi with Rakesh Chetal, Namita Gupta aNew DelhibKanishka Publishers, Distributorsc2009 a249p. aIncludes bibliographical references and index aIndia-Politics and Society aChetal, Rakesh  aLCLIB